000 00507nam a2200193Ia 4500
005 20260429111914.0
008 260429s9999||||xx |||||||||||||| ||und||
020 _a9789391502911
041 _aEnglish
082 _a538
_bSPE
100 _aSpencer, Ava
245 0 _aIntroduction to magnetism and magnetic materials /
_cAva Spencer
260 _aPune :
_bKnowledge Bakers,
_c2025.
300 _aix, 196 p.; hb
650 _a Magnetism
650 _aPhysics
700 _a Clarke, Isla
942 _cTB
999 _c51363
_d51363